Regional geology of Guizhou Province /
Saved in:
| Corporate Author: | |
|---|---|
| Format: | Book |
| Language: | English |
| Published: |
Beijing :
Geological Publishing House,
[1987]
|
| Series: | Geological memoirs.
no. 7 |
| Subjects: | |
| Tags: |
Add Tag
No Tags, Be the first to tag this record!
|
| LEADER | 01419nam a2200301 a 4500 | ||
|---|---|---|---|
| 001 | MIU01-008564504 | ||
| 003 | MiU | ||
| 005 | 20100902153824.0 | ||
| 008 | 100902s1987 cc bd r 000 0 eng | ||
| 035 | |a (OCoLC)660166774 | ||
| 035 | |a (OCoLC)ocn660166774 | ||
| 038 | |a MiU | ||
| 040 | |a EYM |c EYM | ||
| 041 | 0 | |a eng | |
| 043 | |a a-cc-kw | ||
| 049 | |a EYMv | ||
| 090 | |a QE294 |b .G859 1987 | ||
| 245 | 0 | 0 | |a Regional geology of Guizhou Province / |c Guizhou bureau of geology and mineral resources. |
| 260 | |a Beijing : |b Geological Publishing House, |c [1987] | ||
| 300 | |a 35 p. : |b charts ; |c 28 cm. + |e 5 maps. | ||
| 440 | 0 | |a Geological memoirs. |n series 1 ; |v no. 7 | |
| 500 | |a Photocopy of "brief text," pp. 665-698 from Yunnan Sheng qu yu di zhi zhi. | ||
| 500 | |a Maps col. photocopies, reduced 44%. | ||
| 500 | |a Maps in Chinese with Chinese and English legend. | ||
| 588 | |a This bibliographic record is available under the Creative Commons CC0 public domain dedication. The University of Michigan Libraries, as creator of this bibliographic record, has waived all rights to it worldwide under copyright law, including all related and neighboring rights, to the extent allowed by law. | ||
| 650 | 0 | |a Geology |z China |z Guizhou Sheng |v Maps. | |
| 710 | 1 | |6 880-01 |a Guizhou Sheng (China). |b Di zhi kuang chan ju. |t Guizhou Sheng qu yu di zhi zhi. | |
| 880 | 1 | |6 710-01/ |a 贵州省 (China). |b 地质矿产局. |t 贵州省区域地质志. | |


